[Event "FICS rated blitz game"]
[Site "FICS freechess.org"]
[Date "2018.01.20"]
[Round "?"]
[White "MULENGA"]
[Black "brahames"]
[Result "0-1"]
[WhiteElo "1645"]
[BlackElo "1721"]
[PlyCount "58"]
[EventDate "2018.??.??"]
[EventType "blitz"]

1. e4 e5 2. Nf3 Nc6 3. c3 d5 4. exd5 Qxd5 5. d4 exd4 6. cxd4 Bg4 7. Nc3 Qe6+ 8.
Qe2 Nxd4 9. Qxe6+ Nxe6 10. Ne5 Bf5 11. Bb5+ c6 12. Nxc6 a6 13. Ba4 Nc5 14. Na5+
Nxa4 15. Nxa4 Bb4+ 16. Bd2 Bxd2+ 17. Kxd2 O-O-O+ 18. Ke1 Nf6 19. f3 Rhe8+ 20.
Kf1 Rd2 21. Nc4 Bd3+ 22. Kg1 Bxc4 23. Nb6+ Kb8 24. Nxc4 Rc2 25. b3 Ree2 26. Nd6
Rxg2+ 27. Kf1 Nd5 28. Nxf7 Ne3+ 29. Ke1 Rge2# {White checkmated} 0-1

[Event "FICS rated standard game"]
[Site "FICS freechess.org"]
[Date "2018.01.20"]
[Round "?"]
[White "FyFazan"]
[Black "malachifnord"]
[Result "1-0"]
[WhiteElo "1655"]
[BlackElo "1498"]
[PlyCount "27"]
[EventDate "2018.??.??"]

1. e4 e5 2. Nf3 Nc6 3. c3 Nf6 4. d3 d6 5. Be2 Be7 6. d4 O-O 7. dxe5 dxe5 8. O-O
Qxd1 9. Rxd1 Nxe4 10. Bd3 Nc5 11. Bc4 Bf5 12. b4 Ne4 13. Nbd2 Nxd2 14. Bxd2 1-0

[Event "FICS rated blitz game"]
[Site "FICS freechess.org"]
[Date "2018.01.20"]
[Round "?"]
[White "gmarius"]
[Black "Andinn"]
[Result "1-0"]
[WhiteElo "1308"]
[BlackElo "930"]
[PlyCount "61"]
[EventDate "2018.??.??"]
[EventType "blitz"]

1. e4 e5 2. Nf3 Nc6 3. c3 Bc5 4. d3 b5 5. h3 b4 6. Be2 Bxf2+ 7. Kxf2 h5 8. Rf1
h4 9. Kg1 f6 10. Nh2 g5 11. Bh5+ Ke7 12. Bxg5 fxg5 13. Rf7+ Kd6 14. d4 Ba6 15.
dxe5+ Kc5 16. Qd5+ Kb6 17. cxb4 Nce7 18. Qc5+ Kb7 19. b5 Bxb5 20. Qxb5+ Kc8 21.
Rf3 Rb8 22. Qa6+ Rb7 23. Rb3 Qf8 24. Qxb7+ Kd8 25. Rc3 Nd5 26. exd5 Ke7 27.
Rxc7 Qf5 28. Bg4 Nf6 29. Bxf5 Rd8 30. exf6+ Kd6 31. Bxd7 {Black resigns} 1-0

[Event "FICS rated blitz game"]
[Site "FICS freechess.org"]
[Date "2018.01.20"]
[Round "?"]
[White "chessBULLY"]
[Black "PashaPakistani"]
[Result "1/2-1/2"]
[WhiteElo "1454"]
[BlackElo "1363"]
[PlyCount "75"]
[EventDate "2018.??.??"]
[EventType "blitz"]

1. e4 e5 2. Nf3 Nc6 3. c3 d6 4. d4 Bg4 5. d5 Nce7 6. Be2 c6 7. c4 b5 8. b3 a5
9. h3 Bd7 10. O-O a4 11. Nbd2 Ng6 12. Ba3 axb3 13. Bb2 bxa2 14. cxb5 cxb5 15.
Qb3 Nf4 16. Bxb5 Ra7 17. Bxd7+ Rxd7 18. Qxa2 Nf6 19. Rfc1 Be7 20. Re1 O-O 21.
Nc4 Rb7 22. Qa6 Qc7 23. Ba3 Nd3 24. Red1 Nc5 25. Bxc5 dxc5 26. d6 Bxd6 27. Qxd6
Qc8 28. Ncxe5 Nxe4 29. Qd5 Nc3 30. Qc4 Nxd1 31. Rxd1 Rb4 32. Qc3 Qc7 33. Rd7
Qb6 34. Ng5 Rd4 35. Rxf7 Rd1+ 36. Kh2 h6 37. Rxg7+ Kxg7 38. Nd7+ 1/2-1/2

[Event "FICS rated blitz game"]
[Site "FICS freechess.org"]
[Date "2018.01.20"]
[Round "?"]
[White "Naujoel"]
[Black "JohnSilverAce"]
[Result "0-1"]
[WhiteElo "1438"]
[BlackElo "1456"]
[PlyCount "100"]
[EventDate "2018.??.??"]
[EventType "blitz"]

1. e4 Nc6 2. Nf3 e5 3. c3 Bc5 4. d4 exd4 5. cxd4 Bb4+ 6. Nc3 d5 7. e5 Bg4 8.
Be2 Nge7 9. O-O O-O 10. Bg5 h6 11. Bh4 Qd7 12. a3 Ba5 13. Na4 Nf5 14. Nc5 Qc8
15. Bg3 Bxf3 16. Bxf3 Ncxd4 17. Bxd5 c6 18. Be4 Nxg3 19. fxg3 Rd8 20. Qh5 Rf8
21. e6 Nxe6 22. Qf5 Ng5 23. Nd7 Nxe4 24. Nxf8 Bb6+ 25. Kh1 Qxf5 26. Rxf5 Nf2+
27. Rxf2 Bxf2 28. Nd7 Bd4 29. Rd1 Bxb2 30. Nc5 Bxa3 31. Nxb7 a5 32. Nd6 Bxd6
33. Rxd6 Ra6 34. Kg1 a4 35. Rd2 c5 36. Kf1 Kf8 37. Ke1 a3 38. Ra2 Ke7 39. Kd2
Kd6 40. Kc3 Ra4 41. Kb3 Ra5 42. Kc4 f5 43. h3 g5 44. h4 gxh4 45. gxh4 f4 46.
Rd2+ Ke5 47. Ra2 Kf5 48. Kb3 Kg4 49. Rxa3 Rxa3+ 50. Kxa3 Kg3 {White resigns}
0-1

[Event "FICS rated standard game"]
[Site "FICS freechess.org"]
[Date "2018.01.20"]
[Round "?"]
[White "bladehut"]
[Black "OrientSwan"]
[Result "0-1"]
[WhiteElo "1379"]
[BlackElo "1687"]
[PlyCount "90"]
[EventDate "2018.??.??"]

1. e4 e5 2. Nf3 Nc6 3. c3 Nf6 4. d3 h6 5. g3 Be7 6. Bg2 d6 7. h3 O-O 8. O-O Be6
9. d4 exd4 10. cxd4 Bc4 11. Re1 b6 12. b3 Ba6 13. a3 Re8 14. b4 Bb7 15. b5 Nb8
16. Nh4 Nbd7 17. Nc3 a6 18. f3 axb5 19. Nxb5 Bf8 20. d5 Nh5 21. Nf5 Qf6 22. f4
g6 23. Nfd4 Nxg3 24. Nxc7 Re7 25. Nxa8 Bxa8 26. Bb2 Qxf4 27. Qf3 Qxf3 28. Bxf3
Ne5 29. Nc6 Nxf3+ 30. Kf2 Nxe1 31. Nxe7+ Bxe7 32. Kxg3 Nd3 33. Bd4 Bd8 34. Rd1
Nc5 35. Bxc5 dxc5 36. e5 Kf8 37. d6 Ke8 38. Rf1 Bd5 39. a4 Kd7 40. Kf4 Bg5+ 41.
Kg4 c4 42. h4 Bd2 43. Rb1 h5+ 44. Kg3 c3 45. Rxb6 c2 {White resigns} 0-1

[Event "FICS rated standard game"]
[Site "FICS freechess.org"]
[Date "2018.01.20"]
[Round "?"]
[White "Leopoldt"]
[Black "Hekel"]
[Result "0-1"]
[WhiteElo "1667"]
[BlackElo "1673"]
[PlyCount "70"]
[EventDate "2018.??.??"]

1. e4 e5 2. Nf3 Nc6 3. c3 Nf6 4. d3 d5 5. exd5 Nxd5 6. Be2 Bd6 7. h3 O-O 8. O-O
Bf5 9. Nbd2 Nf4 10. Kh2 Nxe2 11. Qxe2 e4+ 12. Kg1 exf3 13. Nxf3 Re8 14. Qd1 Ne5
15. d4 Nxf3+ 16. Qxf3 g6 17. Be3 Be4 18. Qg4 Bf5 19. Qd1 Qh4 20. Qf3 Be4 21.
Qg4 Qxg4 22. hxg4 Kg7 23. Rfe1 Bc6 24. a3 Re6 25. b4 Rf6 26. g5 Rf5 27. Rad1
Bf4 28. c4 Bxe3 29. fxe3 Rxg5 30. d5 Bd7 31. Rd2 Re8 32. Rf2 Re4 33. Ref1 f5
34. Rf3 Rxc4 35. e4 Rxe4 {White resigns} 0-1

[Event "FICS rated blitz game"]
[Site "FICS freechess.org"]
[Date "2018.01.20"]
[Round "?"]
[White "RADACK"]
[Black "Bobok"]
[Result "0-1"]
[WhiteElo "1524"]
[BlackElo "1593"]
[PlyCount "28"]
[EventDate "2018.??.??"]
[EventType "blitz"]

1. e4 e5 2. Nf3 Nc6 3. c3 d5 4. exd5 Qxd5 5. d4 exd4 6. cxd4 Bg4 7. Be2 Bd6 8.
Nc3 Qh5 9. h3 Nf6 10. O-O O-O-O 11. hxg4 Nxg4 12. Ne4 Bh2+ 13. Kh1 Nxd4 14.
Nxd4 Bg3+ {White resigns} 0-1

[Event "FICS rated standard game"]
[Site "FICS freechess.org"]
[Date "2018.01.20"]
[Round "?"]
[White "proximab"]
[Black "SpmCarter"]
[Result "1-0"]
[WhiteElo "2189"]
[BlackElo "1598"]
[PlyCount "51"]
[EventDate "2018.??.??"]

1. e4 e5 2. Nf3 Nc6 3. c3 Nf6 4. d4 Bd6 5. Bd3 O-O 6. O-O Ng4 7. h3 Nf6 8. a3
Qe7 9. d5 Na5 10. b4 Nxd5 11. exd5 e4 12. Re1 f5 13. bxa5 Qf7 14. Bxe4 fxe4 15.
Rxe4 Qg6 16. Rg4 Qf6 17. Bg5 Qf7 18. Bh6 Be5 19. Nxe5 Qxf2+ 20. Kh2 d6 21.
Rxg7+ Kh8 22. Qh5 Qf4+ 23. Bxf4 Kxg7 24. Bh6+ Kh8 25. Qg5 Rg8 26. Nf7# {
Black checkmated} 1-0

[Event "FICS rated blitz game"]
[Site "FICS freechess.org"]
[Date "2018.01.20"]
[Round "?"]
[White "jsssstplayinn"]
[Black "chessnyc"]
[Result "1-0"]
[WhiteElo "1625"]
[BlackElo "1577"]
[PlyCount "99"]
[EventDate "2018.??.??"]
[EventType "blitz"]

1. e4 e5 2. Nf3 Nc6 3. c3 Nf6 4. d4 exd4 5. e5 Nd5 6. cxd4 Bb4+ 7. Bd2 a5 8. a3
Bxd2+ 9. Nbxd2 O-O 10. Be2 d6 11. exd6 Qxd6 12. O-O Bg4 13. Nc4 Qh6 14. h3 Bh5
15. Nh2 Bg6 16. Ne5 Nxe5 17. dxe5 c6 18. Ng4 Qf4 19. Bf3 h5 20. Nh2 Rad8 21.
Bxh5 Ne3 22. fxe3 Qxe3+ 23. Kh1 Rxd1 24. Bxd1 Qxe5 25. Ng4 Qxb2 26. Bf3 Qc3 27.
Rfc1 Qd2 28. Rd1 Qf4 29. Rf1 Qg3 30. Rfd1 a4 31. Rf1 Bc2 32. Rfc1 Bb3 33. Rf1
Bd5 34. Ne3 Bxf3 35. Rxf3 Qe5 36. Raf1 b5 37. Nf5 c5 38. Re3 Qb2 39. Rg3 g6 40.
Nh6+ Kg7 41. Ng4 Qxa3 42. Rxa3 b4 43. Rxa4 f5 44. Ne5 Rd8 45. Rc1 Rd5 46. Nf3
Kf6 47. Kh2 b3 48. Rac4 b2 49. Rb1 Rd4 50. Nxd4 {Black resigns} 1-0

[Event "FICS rated standard game"]
[Site "FICS freechess.org"]
[Date "2018.01.20"]
[Round "?"]
[White "SambalOelek"]
[Black "algra"]
[Result "1-0"]
[WhiteElo "1696"]
[BlackElo "1653"]
[PlyCount "55"]
[EventDate "2018.??.??"]

1. e4 e5 2. Nf3 Nc6 3. c3 Bd6 4. d4 h6 5. d5 Nce7 6. c4 c6 7. Nc3 cxd5 8. cxd5
Ng6 9. Nb5 Qe7 10. Bd2 a6 11. Qa4 Nf6 12. Rc1 O-O 13. Nxd6 Qxd6 14. Bb4 Qb6 15.
Bxf8 Ng4 16. Bc5 Qxb2 17. Qc2 Qxc2 18. Rxc2 Nf4 19. Bd6 b5 20. Nxe5 Nf6 21.
Nxf7 Nxe4 22. Nxh6+ gxh6 23. Bxf4 d6 24. Bd3 Nc5 25. Bg6 Bb7 26. Bxd6 Nd7 27.
Rc7 Bc8 28. O-O {Black resigns} 1-0

[Event "FICS rated blitz game"]
[Site "FICS freechess.org"]
[Date "2018.01.19"]
[Round "?"]
[White "arkom"]
[Black "heidehenk"]
[Result "1-0"]
[WhiteElo "1364"]
[BlackElo "1524"]
[PlyCount "35"]
[EventDate "2018.??.??"]
[EventType "blitz"]

1. e4 e5 2. Nf3 Nc6 3. c3 d5 4. exd5 Qxd5 5. Be2 Bf5 6. Na3 Bd3 7. c4 Qd6 8.
Nb5 Qd7 9. Bxd3 Qxd3 10. Nxc7+ Kd8 11. Nxa8 e4 12. Ng5 Nh6 13. f4 Bc5 14. a3
Re8 15. Qe2 Nd4 16. Qxd3 exd3+ 17. Kf1 Re4 18. Nxe4 {Black resigns} 1-0

[Event "FICS rated standard game"]
[Site "FICS freechess.org"]
[Date "2018.01.19"]
[Round "?"]
[White "quiol"]
[Black "hamzakheyl"]
[Result "0-1"]
[WhiteElo "1343"]
[BlackElo "1463"]
[PlyCount "20"]
[EventDate "2018.??.??"]

1. e4 e5 2. Nf3 Nc6 3. c3 Bc5 4. d4 exd4 5. cxd4 Bb6 6. Nc3 d6 7. Bc4 Bg4 8. h3
Bxf3 9. Qxf3 f6 10. g4 Qe7 {White resigns} 0-1

[Event "FICS rated blitz game"]
[Site "FICS freechess.org"]
[Date "2018.01.19"]
[Round "?"]
[White "windbumwino"]
[Black "Orienteer"]
[Result "0-1"]
[WhiteElo "1495"]
[BlackElo "1480"]
[PlyCount "94"]
[EventDate "2018.??.??"]
[EventType "blitz"]

1. e4 e5 2. c3 Nc6 3. Nf3 d6 4. d4 Nf6 5. d5 Ne7 6. Qa4+ c6 7. dxc6 bxc6 8. Bg5
Nfg8 9. Nbd2 f6 10. Be3 Bd7 11. Bd3 Nc8 12. O-O Be7 13. Nc4 d5 14. exd5 cxd5
15. Nd6+ Bxd6 16. Bb5 Nge7 17. Rfd1 O-O 18. Bxd7 Nb6 19. Bxb6 axb6 20. Be6+ Kh8
21. Qh4 Ng6 22. Qg4 e4 23. Nd4 Ne5 24. Qh3 Ra5 25. Bf5 g6 26. Be6 Qe7 27. Qe3
Nc4 28. Qh6 Be5 29. Nc6 Qxe6 30. Nxa5 bxa5 31. b3 Nb2 32. Rd2 Nd3 33. Rad1 Bf4
34. Re2 Bxh6 35. Rxd3 f5 36. Rd4 Rc8 37. c4 dxc4 38. bxc4 Bg7 39. g3 Bxd4 40.
Rd2 Qe5 41. Rc2 e3 42. fxe3 Qxe3+ 43. Kg2 Qg1+ 44. Kh3 g5 45. Rg2 Qe3 46. Rc2
g4+ 47. Kg2 Qg1# {White checkmated} 0-1

[Event "FICS rated blitz game"]
[Site "FICS freechess.org"]
[Date "2018.01.19"]
[Round "?"]
[White "Orienteer"]
[Black "Choby"]
[Result "1/2-1/2"]
[WhiteElo "1490"]
[BlackElo "1597"]
[PlyCount "115"]
[EventDate "2018.??.??"]
[EventType "blitz"]

1. e4 e5 2. Nf3 Nc6 3. c3 d6 4. Bc4 Be7 5. O-O Nf6 6. Re1 Bg4 7. Be2 O-O 8. d3
h6 9. Be3 Nh7 10. Nbd2 Kh8 11. h3 Bh5 12. g4 Bg6 13. d4 Ng5 14. d5 Nb8 15. Nxg5
Bxg5 16. Bxg5 Qxg5 17. f3 Qf4 18. Nf1 Nd7 19. Kg2 Nf6 20. Qd2 Qxd2 21. Nxd2 h5
22. Rh1 h4 23. Raf1 Nd7 24. f4 exf4 25. Rxf4 Ne5 26. g5 f6 27. Rxh4+ Kg8 28.
Rg4 Nxg4 29. hxg4 fxg5 30. Bd3 Rf4 31. Kg3 Raf8 32. b4 c6 33. c4 cxd5 34. cxd5
Be8 35. a3 a6 36. Nc4 Rf3+ 37. Kg2 Rxd3 38. Nxd6 Bd7 39. Nxb7 Rff3 40. Nc5 Rg3+
41. Kf2 Rdf3+ 42. Ke2 Bb5+ 43. Kd2 Rg2+ 44. Ke1 Rfg3 45. d6 Rg1+ 46. Rxg1 Rxg1+
47. Kd2 Rxg4 48. d7 Bxd7 49. Nxd7 Rxe4 50. Kd3 Re7 51. Nc5 g4 52. Ne4 Rf7 53.
Ng5 Rf5 54. Ne4 Rf3+ 55. Ke2 Rxa3 56. Nf2 Rb3 57. b5 axb5 58. Nxg4 1/2-1/2

[Event "FICS unrated blitz game"]
[Site "FICS freechess.org"]
[Date "2018.01.19"]
[Round "?"]
[White "AndyLee"]
[Black "equam"]
[Result "0-1"]
[WhiteElo "1489"]
[BlackElo "1291"]
[PlyCount "38"]
[EventDate "2018.??.??"]
[EventType "blitz"]

1. e4 e5 2. Nf3 Nc6 3. c3 Nf6 4. Qc2 Bc5 5. b4 Bb6 6. a4 a6 7. Bd3 O-O 8. O-O
d6 9. Bb2 Ne7 10. a5 Ba7 11. c4 Ng6 12. Be2 Re8 13. Na3 Nf4 14. Bd1 Bg4 15. h3
Nxh3+ 16. gxh3 Bxh3 17. Re1 h6 18. Kh2 Qd7 19. Rg1 Bxf2 {White resigns} 0-1

[Event "FICS rated blitz game"]
[Site "FICS freechess.org"]
[Date "2018.01.19"]
[Round "?"]
[White "Uddo"]
[Black "ZoranBogojevic"]
[Result "1-0"]
[WhiteElo "1483"]
[BlackElo "1312"]
[PlyCount "53"]
[EventDate "2018.??.??"]
[EventType "blitz"]

1. e4 e5 2. Nf3 Nc6 3. c3 d6 4. d4 Bg4 5. Be2 Bxf3 6. Bxf3 exd4 7. cxd4 Nf6 8.
Nc3 d5 9. e5 Nd7 10. Bxd5 Bb4 11. Qb3 Bxc3+ 12. bxc3 Na5 13. Bxf7+ Kf8 14. Qa3+
Qe7 15. Qxa5 Qxf7 16. Qxc7 Ke7 17. O-O Rhc8 18. Qxb7 Rab8 19. Qxa7 Rxc3 20.
Ba3+ Ke8 21. Rab1 Rxb1 22. Rxb1 Rc2 23. Qa8+ Nb8 24. Qxb8+ Kd7 25. Rb7+ Rc7 26.
Qxc7+ Ke6 27. Qxf7# {Black checkmated} 1-0

[Event "FICS rated blitz game"]
[Site "FICS freechess.org"]
[Date "2018.01.19"]
[Round "?"]
[White "RADACK"]
[Black "Beakov"]
[Result "0-1"]
[WhiteElo "1551"]
[BlackElo "1487"]
[PlyCount "58"]
[EventDate "2018.??.??"]
[EventType "blitz"]

1. e4 e5 2. Nf3 Nc6 3. c3 d6 4. d4 exd4 5. cxd4 Nf6 6. Nc3 Be7 7. h3 O-O 8. Bd3
a6 9. a3 h6 10. O-O Nh7 11. Qc2 Ng5 12. Nxg5 Bxg5 13. f4 Be7 14. Be3 Bf6 15. e5
dxe5 16. fxe5 Bg5 17. Bxg5 hxg5 18. Kh1 Qxd4 19. Rae1 Nxe5 20. Be4 Nc4 21. Rd1
Qe5 22. Rfe1 Qg3 23. Rd3 Qh4 24. Nd5 Nd6 25. Ree3 Re8 26. Nxc7 Rxe4 27. Rxe4
Nxe4 28. Rd8+ Kh7 29. Qxe4+ Qxe4 {White resigns} 0-1

[Event "FICS rated blitz game"]
[Site "FICS freechess.org"]
[Date "2018.01.19"]
[Round "?"]
[White "Daoda"]
[Black "pdrag"]
[Result "1-0"]
[WhiteElo "1372"]
[BlackElo "1473"]
[PlyCount "87"]
[EventDate "2018.??.??"]
[EventType "blitz"]

1. e4 e5 2. Nf3 Nc6 3. c3 d6 4. d4 Bg4 5. Be2 Nf6 6. h3 Bh5 7. g4 Bg6 8. Nh4
Bxe4 9. f3 Bxb1 10. Rxb1 Nd5 11. Nf5 g6 12. Ng3 Bg7 13. dxe5 Bxe5 14. Ne4 Nf4
15. Bxf4 Qh4+ 16. Kd2 Bxf4+ 17. Kc2 O-O-O 18. Qd5 Qe7 19. Rbd1 Rde8 20. Bb5 Qd7
21. Bxc6 bxc6 22. Qd4 Kd8 23. Nf6 Qe6 24. Nxe8 Rxe8 25. Kb1 Kd7 26. Qxf4 Re7
27. Qd2 Ke8 28. Rde1 Qd7 29. Rxe7+ Qxe7 30. Re1 Qxe1+ 31. Qxe1+ Kd7 32. Qe3 c5
33. Qe4 f6 34. f4 c6 35. Qa4 d5 36. Qxa7+ Kd6 37. Qxh7 f5 38. Qxg6+ Kc7 39.
gxf5 Kb6 40. f6 d4 41. f7 d3 42. Qxd3 c4 43. Qxc4 c5 44. f8=Q {Black resigns}
1-0

[Event "FICS rated blitz game"]
[Site "FICS freechess.org"]
[Date "2018.01.19"]
[Round "?"]
[White "feroze"]
[Black "pdrag"]
[Result "1-0"]
[WhiteElo "1502"]
[BlackElo "1466"]
[PlyCount "92"]
[EventDate "2018.??.??"]
[EventType "blitz"]

1. e4 e5 2. Nf3 Nc6 3. c3 d6 4. d4 exd4 5. Bc4 Bg4 6. O-O Qf6 7. cxd4 Bxf3 8.
gxf3 Nxd4 9. Nd2 O-O-O 10. Qa4 Nc6 11. Bd5 Qd4 12. Bxc6 Qxa4 13. Bxa4 Nf6 14.
Nb3 c5 15. Bg5 Be7 16. Nd2 h6 17. Bf4 g5 18. Bg3 Nh5 19. Bb3 f6 20. Be6+ Kc7
21. Rac1 b6 22. b4 Nf4 23. Bxf4 gxf4 24. h4 Rh7 25. h5 Rg7+ 26. Kh2 Rg5 27. Bg4
Rdg8 28. Kh3 R8g7 29. e5 fxe5 30. Ne4 Rxg4 31. fxg4 Rf7 32. bxc5 bxc5 33. f3
Kc6 34. Rfd1 d5 35. Nc3 d4 36. Ne4 Kd5 37. Rd3 c4 38. Rd2 c3 39. Nxc3+ Ke6 40.
Ne4 Bg5 41. Rc6+ Kd7 42. Rdc2 Bd8 43. Rd6+ Ke7 44. Rxh6 d3 45. Rd2 Bb6 46. Rxd3
Ke8 {Black resigns} 1-0

[Event "FICS rated standard game"]
[Site "FICS freechess.org"]
[Date "2018.01.19"]
[Round "?"]
[White "louarn"]
[Black "Bujia"]
[Result "0-1"]
[WhiteElo "1445"]
[BlackElo "1251"]
[PlyCount "84"]
[EventDate "2018.??.??"]

1. e4 e5 2. Nf3 Nc6 3. c3 Nf6 4. d3 d6 5. Be2 g6 6. O-O Bg7 7. Bg5 O-O 8. Nbd2
b6 9. Nc4 Bb7 10. Ne3 Qd7 11. Bxf6 Bxf6 12. h3 Rfe8 13. Ng4 Bg7 14. d4 exd4 15.
Nxd4 Nxd4 16. cxd4 Bxe4 17. f3 Bb7 18. Qc2 c5 19. dxc5 dxc5 20. Qb3 Rxe2 21.
Rad1 Qf5 22. Qc4 Rae8 23. Nf2 Bd4 24. Qb5 Kf8 25. Rxd4 cxd4 26. Qxf5 gxf5 27.
Kh2 Rxb2 28. Nd3 Rxa2 29. Nf4 b5 30. Nh5 b4 31. Nf6 Ree2 32. Nxh7+ Ke7 33. Kg3
Ba6 34. Rc1 Rxg2+ 35. Kf4 Rae2 36. Rc7+ Kd6 37. Rxa7 Bc4 38. Ra4 Rb2 39. Nf6 d3
40. Ne8+ Ke7 41. Nc7 d2 42. Ra7 d1=Q 0-1

[Event "FICS rated blitz game"]
[Site "FICS freechess.org"]
[Date "2018.01.19"]
[Round "?"]
[White "freshwater"]
[Black "mokaga"]
[Result "0-1"]
[WhiteElo "1349"]
[BlackElo "1348"]
[PlyCount "50"]
[EventDate "2018.??.??"]
[EventType "blitz"]

1. e4 e5 2. Nf3 Nc6 3. c3 Nf6 4. d3 d5 5. exd5 Nxd5 6. Be2 Bf5 7. O-O Bc5 8. b4
Bb6 9. a4 a5 10. b5 Nce7 11. Nxe5 f6 12. Bh5+ g6 13. Bg4 fxe5 14. Bxf5 gxf5 15.
Bg5 O-O 16. c4 Nb4 17. Nc3 Qxd3 18. Bxe7 Qxd1 19. Raxd1 Rfe8 20. Nd5 Nxd5 21.
Rxd5 Rxe7 22. c5 c6 23. bxc6 bxc6 24. Rd6 Bxc5 25. Rxc6 Bb4 {White resigns} 0-1

[Event "FICS rated blitz game"]
[Site "FICS freechess.org"]
[Date "2018.01.19"]
[Round "?"]
[White "ChrisVermaak"]
[Black "Jediazz"]
[Result "0-1"]
[WhiteElo "1157"]
[BlackElo "1075"]
[PlyCount "60"]
[EventDate "2018.??.??"]
[EventType "blitz"]

1. e4 e5 2. Nf3 Nc6 3. c3 Nf6 4. d4 Nxe4 5. dxe5 d6 6. exd6 Bxd6 7. Qe2 Bf5 8.
Nfd2 Qe7 9. f3 Nxd2 10. Qxe7+ Nxe7 11. Bxd2 O-O-O 12. Bc4 Be6 13. Bxe6+ fxe6
14. O-O Rhe8 15. Bg5 h6 16. Bxe7 Rxe7 17. b4 Be5 18. Rc1 Rd3 19. Na3 Bxc3 20.
Nc2 Bxa1 21. Nxa1 Rd2 22. Rc2 Rxc2 23. Nxc2 Rd7 24. Na3 Rd2 25. Nc4 Rxa2 26.
Ne5 Rb2 27. Nd3 Rb3 28. Nc5 Rxb4 29. Nxe6 g5 30. Nf8 a5 {White resigns} 0-1

[Event "FICS rated blitz game"]
[Site "FICS freechess.org"]
[Date "2018.01.19"]
[Round "?"]
[White "BiH"]
[Black "pnpzs"]
[Result "1-0"]
[WhiteElo "1511"]
[BlackElo "1556"]
[PlyCount "33"]
[EventDate "2018.??.??"]
[EventType "blitz"]

1. e4 e5 2. Nf3 Nc6 3. c3 Nf6 4. d4 exd4 5. e5 Ng4 6. cxd4 Bb4+ 7. Nc3 O-O 8.
h3 Nh6 9. Bxh6 gxh6 10. Qd2 f6 11. Qxh6 fxe5 12. Bd3 Qe7 13. O-O Bxc3 14. Bc4+
Kh8 15. bxc3 Na5 16. Nxe5 Nxc4 17. Ng6+ {Black resigns} 1-0

[Event "FICS unrated blitz game"]
[Site "FICS freechess.org"]
[Date "2018.01.19"]
[Round "?"]
[White "morts"]
[Black "moilopez"]
[Result "0-1"]
[WhiteElo "1129"]
[BlackElo "1134"]
[PlyCount "124"]
[EventDate "2018.??.??"]
[EventType "blitz"]

1. e4 e5 2. Nf3 Nc6 3. c3 Nf6 4. d3 d5 5. Nbd2 dxe4 6. dxe4 Bc5 7. Be2 Ng4 8.
O-O O-O 9. h3 Nf6 10. Nb3 Bd6 11. Qc2 b6 12. Rd1 Bb7 13. Bb5 Nh5 14. Bxc6 Bxc6
15. Nxe5 Qe8 16. Nxc6 Qxc6 17. Qe2 Nf4 18. Bxf4 Bxf4 19. Nd4 Qg6 20. Qf3 Bd6
21. Nf5 Bc5 22. Rd5 Rfe8 23. Rdd1 Re6 24. Nh4 Qxe4 25. Qg3 Qe2 26. Rf1 Qxb2 27.
Nf5 g6 28. Nh6+ Kf8 29. Qf3 Kg7 30. Nxf7 Rf8 31. Qd5 Bxf2+ 32. Kh2 Rf6 33. Ng5
Qxc3 34. Ne6+ Kg8 35. Nxf8+ Kxf8 36. Qd8+ Kg7 37. Rxf2 Rxf2 38. Qd7+ Kh6 39.
Qe8 Qc2 40. Rg1 Qxa2 41. Qe3+ Kg7 42. Qe7+ Qf7 43. Qe5+ Kg8 44. Qe4 Qf4+ 45.
Qxf4 Rxf4 46. Rc1 c5 47. Rd1 Rf7 48. Rd8+ Kg7 49. Rd6 Rc7 50. Kg3 c4 51. Rd1 b5
52. Kf3 Re7 53. Rc1 a5 54. g4 Rd7 55. Ke4 Rd3 56. Rb1 b4 57. Ra1 c3 58. Rxa5
Rxh3 59. Rb5 c2 60. Rc5 Rc3 61. Rxc3 bxc3 62. Kd3 c1=Q {White resigns} 0-1

[Event "FICS rated blitz game"]
[Site "FICS freechess.org"]
[Date "2018.01.19"]
[Round "?"]
[White "turnipforwhat"]
[Black "CyborgZero"]
[Result "0-1"]
[WhiteElo "1061"]
[BlackElo "1224"]
[PlyCount "84"]
[EventDate "2018.??.??"]
[EventType "blitz"]

1. e4 e5 2. Nf3 Nc6 3. c3 Nf6 4. d3 Be7 5. b4 h6 6. Be2 O-O 7. Bb2 d6 8. c4 a6
9. d4 exd4 10. Nxd4 Nxd4 11. Bxd4 Nxe4 12. O-O c5 13. Be3 cxb4 14. Qd5 Nf6 15.
Qd2 d5 16. c5 a5 17. a3 Ne4 18. axb4 Nxd2 19. Nxd2 Bf6 20. bxa5 Bxa1 21. Rxa1
Qf6 22. Rc1 Rxa5 23. Nb3 Ra2 24. Kf1 Be6 25. Bd4 Qf4 26. g3 Bh3+ 27. Ke1 Rxe2+
28. Kxe2 Re8+ 29. Be3 Qa4 30. Nd4 Qxd4 31. Rd1 Bg4+ 32. Ke1 Bxd1 33. c6 bxc6
34. h4 Ba4 35. Ke2 Bb5+ 36. Kf3 Qf6+ 37. Kg2 Rxe3 38. fxe3 Be2 39. Kh3 Qf5+ 40.
Kg2 Qf1+ 41. Kh2 Bf3 42. g4 Qg2# {White checkmated} 0-1

[Event "FICS rated blitz game"]
[Site "FICS freechess.org"]
[Date "2018.01.19"]
[Round "?"]
[White "capricornus"]
[Black "cstevep"]
[Result "1-0"]
[WhiteElo "1320"]
[BlackElo "1200"]
[PlyCount "71"]
[EventDate "2018.??.??"]
[EventType "blitz"]

1. e4 e5 2. Nf3 Nc6 3. c3 Nf6 4. d3 Bc5 5. Be2 Ng4 6. O-O d6 7. b4 Bb6 8. a4 a6
9. Bb2 h5 10. Nbd2 Bd7 11. b5 Na5 12. c4 Qe7 13. Nb3 O-O-O 14. Bc3 Nxb3 15.
Qxb3 Kb8 16. bxa6 bxa6 17. d4 Ka7 18. Rab1 Rb8 19. Qa2 exd4 20. Bxd4 Bxd4 21.
Nxd4 Qxe4 22. Nf3 Rxb1 23. Rxb1 Rb8 24. Rxb8 Kxb8 25. h3 Nf6 26. Qb3+ Ka7 27.
Bd3 Qe6 28. Bf1 Bc6 29. Nd4 Qe4 30. Nxc6+ Qxc6 31. Qe3+ Kb8 32. a5 Qa4 33. Qe7
Qxa5 34. Qxf7 Ne4 35. Qe8+ Ka7 36. Qxe4 {Black resigns} 1-0

[Event "FICS rated blitz game"]
[Site "FICS freechess.org"]
[Date "2018.01.19"]
[Round "?"]
[White "morts"]
[Black "xadrezivoti"]
[Result "1-0"]
[WhiteElo "1147"]
[BlackElo "1100"]
[PlyCount "87"]
[EventDate "2018.??.??"]
[EventType "blitz"]

1. e4 e5 2. Nf3 Nc6 3. c3 Bc5 4. d4 exd4 5. cxd4 Bb4+ 6. Nc3 d6 7. Bb5 Nf6 8.
O-O O-O 9. d5 Ne5 10. Nxe5 dxe5 11. Ba4 Bxc3 12. bxc3 Nxe4 13. Bb2 Qg5 14. Qe2
Nc5 15. Bd1 Bh3 16. Qf3 Bf5 17. Bc1 Qg6 18. Ba3 b6 19. Be2 a6 20. Rac1 Rfe8 21.
c4 e4 22. Qg3 Nd3 23. Bxd3 exd3 24. Qxc7 d2 25. Rcd1 Qe6 26. d6 Bd3 27. g3 Bxf1
28. Rxf1 Qe2 29. d7 d1=Q 30. dxe8=Q+ Rxe8 31. Rxd1 Qxd1+ 32. Kg2 Qe1 33. Qxb6
Qe4+ 34. Kh3 Qxc4 35. Bb2 Qe6+ 36. Qxe6 Rxe6 37. f4 Re2 38. Be5 a5 39. a3 a4
40. Bd6 Re6 41. Bb4 h6 42. g4 Kh7 43. Kh4 Kg6 44. f5+ 1-0

[Event "FICS rated blitz game"]
[Site "FICS freechess.org"]
[Date "2018.01.19"]
[Round "?"]
[White "yobiatch"]
[Black "mygameisthebest"]
[Result "1-0"]
[WhiteElo "1214"]
[BlackElo "1317"]
[PlyCount "45"]
[EventDate "2018.??.??"]
[EventType "blitz"]

1. e4 e5 2. Nf3 Nc6 3. c3 Bc5 4. d4 exd4 5. cxd4 Bb4+ 6. Bd2 Bxd2+ 7. Nbxd2 d6
8. Bc4 Nf6 9. Ng5 O-O 10. O-O h6 11. Nxf7 Rxf7 12. Bxf7+ Kxf7 13. Qb3+ Kf8 14.
e5 dxe5 15. dxe5 Nxe5 16. Rad1 Qe7 17. Rfe1 Nfd7 18. f4 Qc5+ 19. Kh1 Nd3 20.
Ne4 Nf2+ 21. Nxf2 Qxf2 22. Qe6 Qxf4 23. Rf1 {Black resigns} 1-0